[Event "Tourn. n8876"]
[Site "www.chess-mail.com"]
[Date "2016.07.26"]
[Round "1"]
[White "Jhzes"]
[Black "Bojan"]
[WhiteElo "1880"]
[BlackElo "1920"]
[Result "0-1"]
[Round "1"]
1.c4 c5
2.Ng1f3 d6
3.d4 e6
4.dxc5 Qd8a5
5.Nb1c3 Qa5xc5
6.e3 Bc8d7
7.a3 Ng8f6
8.b4 Qc5c7
9.Bc1b2 a6
10.Ra1c1 Nb8c6
11.b5 Nc6a5
12.bxa6 Ra8xa6
13.Nc3b5 Qc7c5
14.Bb2d4 Qc5c8
15.Bf1d3 Na5c6
16.Bd4xf6 gxf6
17.Bd3c2 Nc6e5
18.a4 Ne5xc4
19.Bc2b3 d5
20.Qd1d3 Bf8b4
21.Ke2 Bd7xb5
22.axb5 Ra6a3
23.Nf3d4 Qc8b8
24.Rc1a1 Qb8d6
25.Qd3c2 Qd6c5
26.Ra1xa3 Nc4xa3
27.Qc2xc5 Bb4xc5
28.Nd4f3 Na3xb5
29.Bb3a4 Ke7
30.Ba4xb5 Rh8a8
31.Rh1c1 b6
32.h4 e5
33.g4 h6
34.Kf1 Ra8a5
35.Bb5c6 Kd6
36.Bc6e8 Ke7
37.Be8c6 Kd6
38.Bc6xd5 Kxd5
39.Rc1d1 Ke6
40.Rd1d8 f5
41.gxf5 Kxf5
42.Rd8h8 e4
43.Nf3h2 Kg6
44.Nh2g4 h5
45.Ng4e5 Kg7
46.Rh8xh5 Bc5d6
47.Rh5g5 Kh7
48.Ne5xf7 Ra5a1
49.Kg2 Bd6e7
50.Rg5e5 Be7xh4
51.Re5h5 Kg6
52.Rh5xh4 Kxf7
53.Rh4xe4 Ra1a8
54.Re4b4 Ra8b8
55.f4 Ke6
56.Kf3 b5
57.e4 Rb8b6
58.Ke3 Kd6
59.Rb4d4 Kc5
60.e5 b4
61.f5 b3
62.Rd4d1 b2
63.Rd1b1 Kd5
64.Kf4 Rb6b4
65.Kg5 Kxe5
66.f6 Ke6
67.Kg6 Rb4g4
68.Kh5 Rg4g2
69.Rb1f1 Kf7
70.Kh4 Rg2c2
71.Rf1b1 Kxf6
72.Kg3 Ke5
73.Kf3 Kd4
74.Rb1d1 Kc3
75.Ke3 Rc2c1
76.Rd1d3 Kc4
77.Rd3d4 Kc5
{ resign }
0-1

[Event "Tourn. n8861"]
[Site "www.chess-mail.com"]
[Date "2016.07.26"]
[Round "1"]
[White "Jhzes"]
[Black "Osopanda"]
[WhiteElo "1870"]
[BlackElo "1970"]
[Result "0-1"]
[Round "1"]
1.d4 d5
2.Nb1c3 c6
3.e4 dxe4
4.Nc3xe4 Bc8f5
5.Ne4g5 Ng8f6
6.Bf1c4 e6
7.c3 Bf8e7
8.h3 O-O
9.g4 Bf5g6
10.Bc4xe6 fxe6
11.Ng1f3 Qd8d5
12.Qd1e2 Nf6e4
13.c4 Qd5a5
14.Bc1d2 Ne4xd2
15.Qe2xe6 Kh8
16.Nf3xd2 Be7xg5
17.Ra1d1 Rf8e8
18.Qe6xe8 Bg6xe8
19.h4 Bg5xd2
20.Rd1xd2 Nb8d7
{ resign }
0-1

[Event "Tourn. n8869"]
[Site "www.chess-mail.com"]
[Date "2016.07.26"]
[Round "1"]
[White "Frisker"]
[Black "Madz123456"]
[WhiteElo "2220"]
[BlackElo "2270"]
[Result "1-0"]
[Round "1"]
1.d4 d5
2.Ng1f3 c6
3.g3 Bc8f5
4.Bf1g2 h6
5.O-O Nb8d7
6.c4 e6
7.Bc1f4 Ng8f6
8.Qd1b3 g5
9.Bf4d2 Qd8b6
10.c5  { time }
1-0

[Event "Tourn. n8881"]
[Site "www.chess-mail.com"]
[Date "2016.07.26"]
[Round "1"]
[White "Jhzes"]
[Black "Attatroll"]
[WhiteElo "1870"]
[BlackElo "1910"]
[Result "1/2-1/2"]
[Round "1"]
1.d4 d5
2.Nb1c3 Ng8f6
3.Bc1f4 c6
4.Ng1f3 Bc8g4
5.e3 e6
6.Bf1e2 Bf8d6
7.Bf4xd6 Qd8xd6
8.O-O Nb8d7
9.h3 Bg4h5
10.Be2d3 O-O
11.g4 Bh5g6
12.Bd3xg6 hxg6
13.Nf3h2 e5
14.f3 exd4
15.exd4 Qd6g3
16.Kh1 Qg3xh3
17.Rf1f2 Rf8e8
18.Qd1g1 Nd7f8
19.Rf2g2 Nf8e6
20.Rg2g3 Qh3h4
21.g5 Nf6h5
22.Rg3g4 Qh4h3
23.Nc3e2 Ne6xg5
24.Rg4xg5 Re8xe2
25.Ra1c1 Nh5f4
26.Rg5g4 Nf4g2
27.Rg4xg2 Ra8e8
28.Rg2g3 Qh3h4
29.Rg3g4 Qh4h3
30.Rg4g3 { draw }
1/2-1/2

[Event "Tourn. n8874"]
[Site "www.chess-mail.com"]
[Date "2016.07.26"]
[Round "1"]
[White "Madz123456"]
[Black "Kampungboy"]
[WhiteElo "2270"]
[BlackElo "2290"]
[Result "0-1"]
[Round "1"]
1.e4 d6
2.d4 g6
3.Nb1c3 Bf8g7
4.Ng1f3 a6
5.Bf1c4 e6
6.Bc1e3 Ng8e7
7.h4 h5
 { time }
0-1

[Event "Tourn. n8801"]
[Site "www.chess-mail.com"]
[Date "2016.07.26"]
[Round "1"]
[White "Jhzes"]
[Black "Francesco"]
[WhiteElo "1960"]
[BlackElo "2000"]
[Result "0-1"]
[Round "1"]
1.d4 d5
2.Nb1c3 Bc8f5
3.Bc1f4 e6
4.Nc3b5 Bf8d6
5.Nb5xd6 cxd6
6.e3 Ng8f6
7.c3 O-O
8.h3 Nb8d7
9.Bf4xd6 Rf8e8
10.Bf1d3 Bf5xd3
11.Qd1xd3 Nf6e4
12.Ng1e2 Ne4xd6
13.f3 Qd8g5
14.g4 Qg5h4
15.Kd2 Nd6c4
16.Kc2 Qh4g5
17.f4 Qg5e7
18.a4 Re8b8
19.b3 Nc4d6
20.h4 Nd6e4
21.Rh1h2 Rb8c8
22.g5 Rc8c7
23.c4 Ra8c8
24.c5 b6
25.b4 bxc5
26.bxc5 Nd7b6
27.a5 Nb6c4
28.Ne2c3 Ne4xc3
29.Kxc3 Rc7b7
30.h5 Rc8b8
31.Qd3c2 Nc4xe3
32.Qc2a2 Rb7b3
33.Qa2xb3 Rb8xb3
34.Kxb3 Qe7b7
35.Ka4 Ne3c4
36.Rh2h3 a6
37.Rh3b3 Qb7c6
38.Kb4 Qc6c7
39.Ra1a4 Qc7xf4
40.Kc3 Qf4d2
{ resign }
0-1

[Event "Tourn. n8835"]
[Site "www.chess-mail.com"]
[Date "2016.07.26"]
[Round "1"]
[White "Madz123456"]
[Black "Romaamor69"]
[WhiteElo "2240"]
[BlackElo "2370"]
[Result "0-1"]
[Round "1"]
1.e4 e6
2.d4 d5
3.Nb1c3 Ng8f6
4.e5 Nf6d7
5.f4 c5
6.Ng1f3 Nb8c6
7.Bc1e3 Bf8e7
8.Qd1d2 O-O
9.dxc5 Be7xc5
10.O-O-O Qd8a5
11.Kb1 a6
12.Be3xc5 Nd7xc5
13.Qd2e3 Rf8d8
14.h4 Nc5a4
15.Nc3xa4 Qa5xa4
16.Bf1d3 Nc6b4
 { time }
0-1

[Event "Tourn. n8894"]
[Site "www.chess-mail.com"]
[Date "2016.07.26"]
[Round "1"]
[White "Sachpat"]
[Black "Jhzes"]
[WhiteElo "2290"]
[BlackElo "2020"]
[Result "1-0"]
[Round "1"]
1.e4 e5
2.Ng1f3 d6
3.d4 Bc8g4
4.dxe5 Bg4xf3
5.Qd1xf3 dxe5
6.Bf1c4 Ng8f6
7.Qf3b3 b6
8.Bc4xf7 { resign }
1-0

[Event "Tourn. n8868"]
[Site "www.chess-mail.com"]
[Date "2016.07.26"]
[Round "1"]
[White "Azulmarino"]
[Black "Jjmcbride"]
[WhiteElo "1600"]
[BlackElo "1530"]
[Result "1-0"]
[Round "1"]
1.e4 e5
2.Ng1f3 d6
3.Bf1c4 a6
4.Nb1c3 c6
5.d3 Bf8e7
6.Bc1e3 b5
7.Bc4xf7 Kxf7
8.h4 h6
{ time. }
1-0

[Event "Tourn. n8817"]
[Site "www.chess-mail.com"]
[Date "2016.07.26"]
[Round "1"]
[White "Jhzes"]
[Black "Mitja"]
[WhiteElo "1840"]
[BlackElo "1950"]
[Result "1-0"]
[Round "1"]
1.g3 d5
2.Bf1g2 c6
3.d4 e6
4.Ng1f3 h6
5.Bc1f4 Ng8f6
6.Nb1c3 Bf8d6
7.Bf4xd6 Qd8xd6
8.a3 Nb8d7
9.O-O Nd7b6
10.b3 O-O
11.Rf1e1 Bc8d7
12.e3 Ra8d8
13.Nf3e5 Bd7c8
14.b4 Nb6d7
15.Ne5xd7 Qd6xd7
16.f4 Rf8e8
17.Qd1d3 b6
18.Bg2h3 Bc8b7
19.a4 Qd7d6
20.Nc3a2 Nf6e4
21.Ra1b1 f5
22.b5 c5
23.dxc5 Qd6xc5
24.g4 fxg4
25.Bh3xg4 d4
26.Rb1b4 Ne4c3
27.Rb4c4 Qc5d5
28.e4 Qd5d6
29.Na2xc3 dxc3
30.Qd3xc3 Qd6xf4
31.e5 Qf4g5
32.Qc3g3 h5
33.Bg4xe6 { resign }
1-0

[Event "Tourn. n8867"]
[Site "www.chess-mail.com"]
[Date "2016.07.26"]
[Round "1"]
[White "Jose"]
[Black "Paaliaq"]
[WhiteElo "2760"]
[BlackElo "2580"]
[Result "1/2-1/2"]
[Round "1"]
1.e4 e5
2.Ng1f3 Nb8c6
3.Bf1c4 Ng8f6
4.Nf3g5 d5
5.exd5 Nc6a5
6.Bc4b5 c6
7.dxc6 bxc6
8.Bb5d3 Nf6d5
9.Ng5f3 Bf8d6
10.O-O O-O
11.Rf1e1 f5
12.Nf3xe5 Qd8f6
13.Ne5f3 g5
14.g3 f4
15.Nb1c3 fxg3
16.hxg3 Nd5xc3
17.dxc3 Bc8g4
18.Bc1xg5 Qf6xf3
19.Qd1xf3 Bg4xf3
20.Re1e6 Na5b7
21.Bd3c4 Bf3d5
22.Bc4xd5 cxd5
23.Ra1e1 Ra8c8
24.Kg2 Rf8f5
25.Bg5d2 Bd6f8
{ draw }
1/2-1/2

[Event "Tourn. n8781"]
[Site "www.chess-mail.com"]
[Date "2016.07.26"]
[Round "1"]
[White "Claudia"]
[Black "Jhzes"]
[WhiteElo "1870"]
[BlackElo "1809"]
[Result "1-0"]
[Round "1"]
1.d4 d5
2.c4 dxc4
3.Ng1f3 c6
4.a4 g6
5.e3 Bc8e6
6.Nb1c3 Bf8g7
7.Nf3g5 Be6d5
8.e4 Bd5xe4
9.Nc3xe4 Bg7xd4
10.Bf1xc4 e6
11.Ng5xf7 Kxf7
12.Ne4g5 Kf6
13.Qd1f3 Ke7
14.Ng5f7 Qd8a5
15.Bc1d2 Qa5f5
16.Qf3xf5 gxf5
17.Nf7xh8 Bd4xb2
18.Ra1b1 Bb2xh8
19.Rb1xb7 Kd6
20.Rb7xh7 Bh8f6
21.O-O Kc5
22.Bc4xe6 Ng8e7
23.Rf1c1 Kd6
24.Be6a2 Nb8a6
25.Bd2f4 Kd7
26.Rc1d1 Kc8
27.Ba2e6 Kb7
28.Rd1b1 { resign }
1-0

[Event "Tourn. n8842"]
[Site "www.chess-mail.com"]
[Date "2016.07.26"]
[Round "1"]
[White "Kampungboy"]
[Black "Malbertan"]
[WhiteElo "2070"]
[BlackElo "2030"]
[Result "1-0"]
[Round "1"]
1.e4 e5
2.f4 d5
3.exd5 e4
4.Nb1c3 Ng8f6
5.Bf1b5 c6
6.dxc6 bxc6
7.Bb5c4 Bf8c5
8.d3 Bc8g4
9.Ng1e2 O-O
10.dxe4 Qd8e7
11.h3 Rf8d8
12.Bc4d3 Bg4c8
13.a3 Bc8a6
14.Ne2g3 Nf6e8
15.Ng3f5 Qe7f6
16.e5 Rd8xd3
17.exf6 Rd3xd1
18.Nc3xd1 Ne8xf6
19.Bc1e3 Bc5f8
20.Nd1c3 g6
21.Nf5g3 Nb8d7
22.O-O-O Nd7b6
23.Ng3e4 Nf6h5
24.g4 Nh5g7
25.Ne4f6 Kh8
26.Be3xb6 axb6
27.Rh1e1 Bf8c5
28.Nc3e4 Bc5e7
29.Rd1d7 Be7xf6
30.Ne4xf6 Ba6c4
31.Re1e7 Bc4e6
32.Rd7c7 { resign }
1-0

[Event "Tourn. n8789"]
[Site "www.chess-mail.com"]
[Date "2016.07.26"]
[Round "1"]
[White "Osopanda"]
[Black "Fabos12"]
[WhiteElo "1920"]
[BlackElo "1860"]
[Result "1-0"]
[Round "1"]
1.c4 e5
2.Nb1c3 f5
3.g3 Ng8f6
4.Bf1g2 Bf8b4
5.d3 Nb8c6
6.e4 fxe4
7.dxe4 Nc6d4
8.Ng1e2 c5
9.O-O O-O
10.Nc3d5 Nf6xd5
11.exd5 d6
12.Ne2xd4 cxd4
13.Bc1d2 Qd8b6
14.Bd2xb4 Qb6xb4
15.b3 Bc8f5
16.f4 Ra8e8
17.fxe5 Re8xe5
18.Qd1xd4 Kh8
19.Rf1f4 Qb4c5
20.Qd4xc5 dxc5
21.Ra1f1 g5
22.Rf4f2 g4
23.d6 Kg7
24.d7 Kg6
25.Bg2xb7 Rf8d8
26.Rf2xf5 Re5xf5
27.Bb7e4 Kg7
28.Be4xf5 h5
29.Rf1e1 Kf7
30.h3 gxh3
31.Bf5xh3 a5
32.Re1e5 { resign }
1-0

[Event "Tourn. n8825"]
[Site "www.chess-mail.com"]
[Date "2016.07.26"]
[Round "1"]
[White "Daquata"]
[Black "Jhzes"]
[WhiteElo "1790"]
[BlackElo "1830"]
[Result "1-0"]
[Round "1"]
1.e4 e6
2.d4 d5
3.Nb1c3 Bf8b4
4.e5 Bb4xc3
5.bxc3 Nb8c6
6.Qd1g4 g6
7.Bc1g5 Qd8d7
8.Ng1f3 h6
9.Bg5d2 b6
10.Bf1b5 Bc8b7
11.h4 h5
12.Qg4f4 O-O-O
13.a4 Rh8h7
14.Nf3g5 Rh7g7
15.a5 bxa5
16.Ra1xa5 Kb8
17.Ke2 Qd7e7
18.Bb5xc6 Bb7xc6
19.Rh1a1 Kc8
20.Ra5xa7 Bc6b5
21.Ke1 Ng8h6
22.Ra7a8 Kd7
23.Ra8xd8 Qe7xd8
24.Ng5xe6 fxe6
25.Qf4xh6 Rg7f7
26.Qh6xg6 Qd8f8
27.Bd2e3 Rf7g7
28.Qg6h6 Qf8g8
29.g3 Rg7h7
30.Qh6g5 Qg8b8
31.Qg5g6 Rh7h8
32.Qg6f7 Kc6
33.Qf7xe6 Kb7
34.Qe6xd5 Bb5c6
35.Ra1b1 Kc8
36.Rb1xb8 Kxb8
37.Qd5xc6 { resign }
1-0

[Event "Tourn. n8790"]
[Site "www.chess-mail.com"]
[Date "2016.07.26"]
[Round "1"]
[White "Claudia"]
[Black "Yakke"]
[WhiteElo "1880"]
[BlackElo "1720"]
[Result "1-0"]
[Round "1"]
1.d4 d5
2.c4 c6
3.Nb1c3 h6
4.Ng1f3 Nb8d7
5.cxd5 Nd7b8
6.dxc6 Nb8xc6
7.e3 Bc8g4
8.Bf1e2 e6
9.O-O Bg4xf3
10.Be2xf3 Nc6a5
11.Qd1a4 Na5c6
12.Bf3xc6 bxc6
13.Qa4xc6 Ke7
14.b3 Ra8c8
15.Bc1a3 Kf6
16.Nc3e4 Kg6
17.Qc6a6 Bf8xa3
18.Qa6xa3 a5
19.Ra1c1 Rc8a8
20.Qa3b2 Ng8e7
21.Qb2c2 Ne7d5
22.Ne4g3 f5
23.e4 Nd5b4
24.exf5 Kf7
25.fxe6 Ke8
26.Qc2g6 Kf8
27.Qg6f7 
1-0

[Event "Tourn. n8869"]
[Site "www.chess-mail.com"]
[Date "2016.07.26"]
[Round "1"]
[White "Frisker"]
[Black "Ejner"]
[WhiteElo "2220"]
[BlackElo "2470"]
[Result "0-1"]
[Round "1"]
1.d4 Ng8f6
2.Ng1f3 e6
3.g3 c5
4.c3 b6
5.Bf1g2 Bc8b7
6.O-O Bf8e7
7.Rf1e1 O-O
8.Nb1d2 d5
9.Nf3e5 Nb8d7
10.f4 cxd4
11.cxd4 Qd8c7
12.Nd2f3 Ra8c8
13.Bc1d2 Nd7xe5
14.fxe5 Nf6e4
15.Ra1c1 Qc7d7
16.Qd1b3 Bb7a6
17.Qb3e3 Qd7b5
18.Bd2c3 Rc8c7
19.Rc1c2 Qb5a4
20.Re1c1 Qa4xa2
21.Bc3e1 Rc7xc2
22.Rc1xc2 Rf8c8
23.Rc2xc8 Ba6xc8
24.Qe3c1 Qa2c4
{ resign }
0-1

[Event "Tourn. n8824"]
[Site "www.chess-mail.com"]
[Date "2016.07.26"]
[Round "1"]
[White "Francesco"]
[Black "Cheminet"]
[WhiteElo "2020"]
[BlackElo "2040"]
[Result "0-1"]
[Round "1"]
1.e4 c5
2.Ng1f3 Nb8c6
3.c3 e6
4.d4 h6
5.Bf1b5 Ng8f6
6.Nb1d2 d5
7.e5 Nf6e4
8.Nd2xe4 dxe4
9.Bb5xc6 bxc6
10.O-O exf3
11.Qd1xf3 Qd8c7
12.Bc1e3 cxd4
13.cxd4 Bc8b7
14.Ra1c1 Ra8d8
15.Rc1c2 c5
16.Qf3g4 c4
17.Rf1c1 Bb7d5
18.b3 Bf8a3
19.Rc1b1 O-O
20.Be3xh6 f6
21.Rc2c3 f5
22.Qg4g6 Bd5e4
23.Rc3xc4 Qc7f7
24.Qg6g3 Be4xb1
{ resign }
0-1

[Event "Tourn. n8835"]
[Site "www.chess-mail.com"]
[Date "2016.07.26"]
[Round "1"]
[White "Rons"]
[Black "Madz123456"]
[WhiteElo "2570"]
[BlackElo "2240"]
[Result "1-0"]
[Round "1"]
1.e4 e5
2.Ng1f3 Ng8f6
3.Nf3xe5 d6
4.Ne5f3 Nf6xe4
5.d4 d5
6.Bf1d3 Bf8e7
7.O-O Nb8c6
8.c4 Ne4f6
9.Nb1c3 O-O
10.h3 Nc6b4
11.Bd3e2 dxc4
12.Be2xc4 c6
13.Rf1e1 Nb4d5
14.Qd1b3 Nd5b6
15.Bc4d3 Bc8e6
16.Qb3c2 h6
17.Bc1d2 Be7d6
18.Nf3e5 Bd6c7
19.Nc3e2  { time }
1-0

[Event "Tourn. n8862"]
[Site "www.chess-mail.com"]
[Date "2016.07.26"]
[Round "1"]
[White "Orhany24"]
[Black "Madz123456"]
[WhiteElo "2160"]
[BlackElo "2270"]
[Result "1-0"]
[Round "1"]
1.d4 Ng8f6
2.c4 e6
3.a3 d5
4.Nb1c3 c6
5.Ng1f3 dxc4
6.e4 b5
7.Bc1g5 h6
8.Bg5h4 Bf8e7
9.Bf1e2  { time }
1-0

[Event "Tourn. n8869"]
[Site "www.chess-mail.com"]
[Date "2016.07.26"]
[Round "1"]
[White "Ejner"]
[Black "Madz123456"]
[WhiteElo "2470"]
[BlackElo "2270"]
[Result "1-0"]
[Round "1"]
1.Ng1f3 Ng8f6
2.c4 c5
3.Nb1c3 e6
4.g3 d5
5.cxd5 Nf6xd5
6.Bf1g2 Bf8e7
7.O-O b6
8.Nc3xd5 exd5
9.d4 O-O
10.b3 Nb8c6
11.Bc1b2 Bc8e6
12.Ra1c1  { time }
1-0

[Event "Tourn. n8870"]
[Site "www.chess-mail.com"]
[Date "2016.07.26"]
[Round "1"]
[White "Mitja"]
[Black "Picifarkinca"]
[WhiteElo "1950"]
[BlackElo "1980"]
[Result "0-1"]
[Round "1"]
1.d4 e6
2.e3 c5
3.dxc5 Bf8xc5
4.c3 Ng8f6
5.Nb1d2 O-O
6.Nd2b3 Bc5e7
7.Ng1e2 Nb8c6
8.Ne2g3 d5
9.Bf1e2 a5
10.Nb3d4 e5
11.Nd4xc6 bxc6
12.b3 Bc8e6
13.Bc1b2 c5
14.O-O Qd8b6
15.Qd1c2 c4
16.h3 cxb3
17.axb3 Rf8c8
18.Bb2a3 Be7xa3
19.Ra1xa3 Qb6c5
20.Rf1c1 Qc5xa3
{ resign }
0-1

[Event "Tourn. n8875"]
[Site "www.chess-mail.com"]
[Date "2016.07.26"]
[Round "1"]
[White "Madz123456"]
[Black "Kampungboy"]
[WhiteElo "2270"]
[BlackElo "2290"]
[Result "0-1"]
[Round "1"]
1.e4 d6
2.d4 g6
3.Nb1c3 Bf8g7
4.Ng1f3 e6
5.Bc1e3 a6
6.Bf1c4 b5
7.Bc4d3 Nb8d7
 { time }
0-1

[Event "Tourn. n8872"]
[Site "www.chess-mail.com"]
[Date "2016.07.26"]
[Round "1"]
[White "Biggles"]
[Black "Kampungboy"]
[WhiteElo "2080"]
[BlackElo "2250"]
[Result "0-1"]
[Round "1"]
1.e4 c5
2.d4 cxd4
3.Ng1f3 Nb8c6
4.c3 dxc3
5.Nb1xc3 e6
6.Bf1c4 Ng8f6
7.e5 Nf6g4
8.Bc1f4 f6
9.exf6 Ng4xf6
10.O-O Bf8c5
11.Bf4d6 Bc5xd6
12.Qd1xd6 Qd8e7
13.Ra1d1 Qe7xd6
14.Rd1xd6 a6
15.h3 O-O
16.Rf1e1 Nf6e8
17.Rd6d3 b5
18.Bc4b3 Ne8f6
19.Nc3e4 Nf6xe4
20.Re1xe4 d5
21.Re4e1 Bc8d7
22.Nf3e5 Nc6xe5
23.Re1xe5 Ra8c8
24.Re5e1 a5
25.a3 g6
26.Re1d1 a4
27.Bb3a2 Rc8c2
28.Rd3d2 Rf8c8
29.Ba2b1 Rc2xd2
30.Rd1xd2 Rc8c1
31.Kh2 Rc1xb1
32.Kg3 Kf7
33.Kf4 Kf6
34.Ke3 Rb1e1
35.Kf3 e5
{ resign }
0-1

[Event "Tourn. n8862"]
[Site "www.chess-mail.com"]
[Date "2016.07.26"]
[Round "1"]
[White "Madz123456"]
[Black "Estonia"]
[WhiteElo "2270"]
[BlackElo "2010"]
[Result "0-1"]
[Round "1"]
1.e4 e5
2.Ng1f3 Nb8c6
3.d4 exd4
4.Nf3xd4 Bf8c5
5.Bc1e3 Nc6xd4
6.Be3xd4 Bc5xd4
7.Qd1xd4 Qd8f6
8.e5 Qf6c6
9.Nb1c3 Ng8e7
10.Bf1d3 O-O
11.O-O d6
 { time }
0-1

[Event "Tourn. n8870"]
[Site "www.chess-mail.com"]
[Date "2016.07.26"]
[Round "1"]
[White "Mitja"]
[Black "Bojan"]
[WhiteElo "1950"]
[BlackElo "1930"]
[Result "1/2-1/2"]
[Round "1"]
1.d4 g6
2.e3 Bf8g7
3.c3 d5
4.h3 Qd8d6
5.Nb1a3 c5
6.dxc5 Qd6xc5
7.Qd1d2 Bc8d7
8.Bf1e2 a6
9.Ng1f3 b5
10.Na3c2 a5
11.O-O Ng8f6
12.Be2d3 Bd7c6
13.Bd3e2 Nb8d7
14.Nc2d4 Nf6e4
15.Qd2d3 Nd7e5
16.Nf3xe5 Bg7xe5
17.Nd4xc6 Qc5xc6
18.Be2f3 f5
19.Bf3xe4 dxe4
20.Qd3e2 Ra8d8
21.Rf1d1 O-O
22.Rd1xd8 Rf8xd8
23.Bc1d2 Be5c7
24.Ra1d1 e6
25.Bd2c1 Rd8d5
26.Rd1xd5 exd5
27.g3 Kg7
28.a3 g5
29.Qe2h5 h6
30.h4 Qc6g6
31.Qh5xg6 Kxg6
32.hxg5 Kxg5
33.Kg2 Kg4
34.Bc1d2 h5
{ draw }
1/2-1/2

[Event "Tourn. n8885"]
[Site "www.chess-mail.com"]
[Date "2016.07.26"]
[Round "1"]
[White "Jhzes"]
[Black "Pellix84"]
[WhiteElo "1930"]
[BlackElo "1980"]
[Result "0-1"]
[Round "1"]
1.d4 Ng8f6
2.c4 e6
3.Ng1f3 b6
4.Nb1c3 Bc8b7
5.e3 c5
6.Bf1e2 d6
7.Qd1d3 Bf8e7
8.Bc1d2 Nb8d7
9.b3 Qd8c7
10.O-O-O O-O
11.h3 d5
12.cxd5 exd5
13.dxc5 bxc5
14.Qd3c2 Ra8c8
15.g4 d4
16.exd4 cxd4
17.Nf3xd4 Nf6e4
18.Nd4b5 Qc7e5
19.f4 Qe5c5
20.Rh1g1 a6
21.Bd2e1 axb5
22.Rd1xd7 Qc5e3
23.Kb1 Ne4xc3
24.Be1xc3 Bb7e4
25.Be2d3 Qe3xg1
26.Kb2 b4
27.Bd3xe4 bxc3
28.Qc2xc3 Rc8xc3
29.Kxc3 Rf8c8
30.Kb2 Qg1c1
{ resign }
0-1

[Event "Tourn. n8889"]
[Site "www.chess-mail.com"]
[Date "2016.07.26"]
[Round "1"]
[White "Jhzes"]
[Black "Daquata"]
[WhiteElo "1950"]
[BlackElo "1980"]
[Result "0-1"]
[Round "1"]
1.f4 d5
2.c3 c5
3.d3 Ng8f6
4.h3 Nb8c6
5.Bc1d2 e5
6.fxe5 Nc6xe5
7.d4 Ne5c4
8.Bd2c1 Nf6e4
9.b3 Qd8h4
{ resign }
0-1

[Event "Tourn. n8881"]
[Site "www.chess-mail.com"]
[Date "2016.07.26"]
[Round "1"]
[White "Jhzes"]
[Black "Bojan"]
[WhiteElo "1920"]
[BlackElo "1960"]
[Result "0-1"]
[Round "1"]
1.c4 e5
2.g3 d5
3.cxd5 Qd8xd5
4.f3 Bf8b4
5.a3 Bb4a5
6.e4 Qd5c5
7.b4 Ba5xb4
8.axb4 Qc5xb4
9.Qd1a4 Qb4xa4
10.Ra1xa4 Bc8d7
11.Ra4c4 c6
12.Bc1b2 f6
13.f4 exf4
14.gxf4 Bd7e6
15.Rc4b4 b6
16.f5 Be6f7
17.Bf1g2 Nb8a6
18.Rb4d4 Na6c5
19.Rd4d6 Ra8c8
20.e5 Ke7
21.Bg2xc6 Rc8xc6
22.Rd6xc6 Bf7d5
23.Rc6c7 Kd8
24.Rc7xg7 Nc5d3
25.Ke2 Nd3xb2
26.Ng1f3 Ng8h6
27.exf6 Nh6xf5
28.Rg7xa7 Rh8e8
29.Kf2 Nb2d3
30.Kg2 Re8e2
31.Kh3 Nd3f2
32.Kg2 Nf2xh1
33.Kxh1 Bd5xf3
34.Kg1 Ke8
35.Nb1c3 Re2xd2
36.Ra7xh7 Nf5d6
37.Nc3a4 Nd6e4
38.Rh7e7 Kf8
39.Re7xe4 Bf3xe4
40.Na4xb6 Rd2g2
41.Kf1 Rg2xh2
42.Nb6d7 Kf7
43.Nd7e5 Ke8
44.Ne5g4 Rh2a2
45.Ke1 Kf7
46.Ng4f2 Be4f5
47.Kf1 Kxf6
48.Kg1 Ke5
49.Nf2d1 Ra2a1
{ resign }
0-1

[Event "Match"]
[Site "www.echecsemail.com"]
[Date "2016.07.26"]
[Round "1"]
[White "Jhzes"]
[Black "Whitekknight"]
[WhiteElo "1950"]
[BlackElo "1900"]
[Result "0-1"]
[Round "1"]
1.d4 d5
2.Bc1f4 e6
3.c4 Bf8b4
4.Bf4d2 Bb4xd2
5.Nb1xd2 Ng8f6
6.e3 O-O
7.c5 Nb8c6
8.a3 e5
9.dxe5 Nc6xe5
10.h3 c6
11.f4 Ne5d7
12.b4 Rf8e8
13.g4 Re8xe3
14.Ng1e2 Qd8e8
15.Ra1a2 d4
16.Kf2 Nf6d5
17.Nd2c4 Nd5c3
18.Qd1xd4 Nc3xa2
19.Qd4xe3 Nd7f6
20.Nc4d6 Qe8xe3
21.Kxe3 Nf6d5
22.Kd4 h6
23.Bf1g2 Bc8e6
24.Rh1a1 Nd5c7
25.Nd6xb7 Nc7b5
26.Kd3 Nb5xa3
27.Ke3 Na3c4
28.Kd3 Na2xb4
29.Kc3 Nb4d5
30.Kd4 Nc4e3
31.Bg2e4 f5
32.gxf5 Be6xf5
33.Be4xf5 Ne3xf5
34.Ke5 g6
35.Ra1g1 Kh7
36.Ne2d4 Ra8e8
37.Nd4e6 Nd5c7
38.Nb7d8 Nf5g7
39.f5 Ng7xf5
40.Kf6 Nc7xe6
41.Nd8xe6 Nf5h4
42.Rg1d1 Kg8
43.Rd1d7 a5
44.Rd7g7 Kh8
45.Ne6d4 Re8f8
46.Ke7 Kxg7
47.Nd4e6 Kg8
48.Ne6xf8 Nh4f5
49.Kd7 Kxf8
50.Kxc6 a4
51.Kb5 a3
52.c6 Nf5e7
{ resign }
0-1

[Event "Match"]
[Site "www.echecsemail.com"]
[Date "2016.07.26"]
[Round "1"]
[White "Frisker"]
[Black "Jhzes"]
[WhiteElo "2240"]
[BlackElo "1870"]
[Result "1-0"]
[Round "1"]
1.d4 Nb8c6
2.Ng1f3 d5
3.g3 Bc8f5
4.Bf1g2 Ng8f6
5.O-O e6
6.Nf3h4 Bf5g4
7.h3 Bg4h5
8.g4 Bh5xg4
9.hxg4 Nf6xg4
10.Nh4f3 Qd8d6
11.Bg2h3 h5
12.Kg2 f6
13.Rf1h1 f5
14.Bc1g5 Bf8e7
15.Qd1d2 O-O-O
16.Bg5f4 Qd6b4
17.Qd2xb4 Nc6xb4
18.Nb1a3 g5
19.Bf4xg5 Be7xg5
20.Nf3xg5 Rd8g8
21.Ng5xe6 Nb4xc2
22.Na3xc2 Ng4e3
23.Kf3 Ne3xc2
24.Ra1c1 Nc2b4
25.Rc1xc7 Kb8
26.a3 Nb4c6
27.Rc7f7 Rg8g4
28.Bh3xg4 hxg4
29.Kg2 Rh8e8
30.e3 a5
31.Rf7f8 Re8xf8
32.Ne6xf8 b5
33.Kg3 a4
34.Rh1c1 Nc6e7
35.Kf4 { resign }
1-0

[Event "Match"]
[Site "www.echecsemail.com"]
[Date "2016.07.26"]
[Round "1"]
[White "Fangshuo"]
[Black "Jhzes"]
[WhiteElo "2100"]
[BlackElo "1870"]
[Result "1-0"]
[Round "1"]
1.e4 e5
2.Ng1f3 Ng8f6
3.Nf3xe5 Qd8e7
4.d4 d6
5.Ne5f3 Bc8g4
6.Bc1e3 Qe7xe4
7.Nb1c3 Qe4e7
8.Bf1e2 c6
9.d5 Nf6xd5
10.Nc3xd5 cxd5
11.Qd1xd5 Nb8c6
12.Be2b5 Ra8c8
13.O-O a6
14.Bb5a4 b5
15.Ba4b3 Nc6a5
16.Nf3g5 Na5xb3
17.axb3 f6
18.Rf1e1 Kd7
19.Be3b6 fxg5
20.Re1xe7 Bf8xe7
21.Qd5b7 Ke8
22.Ra1e1 Kf7
23.Qb7xe7 Kg6
24.Qe7xd6 Kh5
25.h3 Bg4f5
26.g4 { resign }
1-0

[Event "Match"]
[Site "www.echecsemail.com"]
[Date "2016.07.26"]
[Round "1"]
[White "Fangshuo"]
[Black "Cheminet"]
[WhiteElo "2070"]
[BlackElo "2040"]
[Result "0-1"]
[Round "1"]
1.e4 c5
2.Ng1f3 e6
3.c4 b6
4.Nb1c3 Bc8b7
5.d3 d5
6.cxd5 exd5
7.exd5 Bb7xd5
8.Bf1e2 Ng8f6
9.Bc1g5 Bf8e7
10.O-O Bd5b7
11.Nf3e5 Qd8d4
12.Ne5f3 Qd4g4
13.h3 Qg4f5
14.Qd1d2 h6
15.Nf3h4 Qf5xg5
16.Qd2xg5 hxg5
17.Nh4f5 g6
18.Nf5xe7 Kxe7
19.Ra1e1 Kf8
20.f4 gxf4
21.Nc3b5 Nb8d7
22.Rf1xf4 Nf6d5
23.Rf4f2 Nd5e3
24.Nb5d6 Bb7d5
25.Be2f3 Bd5xf3
26.Rf2xf3 Ne3f5
27.Nd6xf5 gxf5
28.Rf3xf5 Ra8e8
29.Re1f1 Re8e7
30.b3 Rh8h6
31.Rf5d5 a5
32.d4 cxd4
33.Rd5xd4 Nd7c5
34.Rf1d1 Nc5e4
35.Rd4d8 Kg7
36.Rd1e1 Rh6e6
{ resign }
0-1

[Event "Match"]
[Site "www.echecsemail.com"]
[Date "2016.07.26"]
[Round "1"]
[White "Dimos40"]
[Black "Jhzes"]
[WhiteElo "2340"]
[BlackElo "2319"]
[Result "1-0"]
[Round "1"]
1.e4 c5
2.Ng1f3 Ng8f6
3.Nb1c3 d6
4.d4 Nb8d7
5.dxc5 Nd7xc5
6.e5 Nf6e4
7.Nc3xe4 Nc5xe4
8.Qd1d5 Bc8f5
9.Bf1b5 Bf5d7
10.Bb5xd7 Qd8xd7
11.Qd5xe4 d5
12.Qe4d3 e6
13.O-O Bf8c5
14.Bc1e3 Bc5xe3
15.Qd3xe3 O-O
16.Nf3d4 h6
17.f4 Ra8c8
18.f5 exf5
19.Rf1xf5 a6
20.e6 fxe6
21.Rf5xf8 Rc8xf8
22.Qe3xe6 Qd7xe6
23.Nd4xe6 Rf8c8
24.c3 Kf7
25.Ne6d4 g6
26.Ra1f1 Ke7
27.Rf1e1 Kf7
28.Re1e6 Rc8c4
29.Re6d6 Rc4a4
30.a3 b5
31.Rd6xd5 Kf6
32.Rd5d6 Kg5
33.Kf2 h5
34.h4 Kxh4
35.Rd6xg6 a5
36.Nd4f3 { resign }
1-0

[Event "Match"]
[Site "www.echecsemail.com"]
[Date "2016.07.26"]
[Round "1"]
[White "Jhzes"]
[Black "Biggles"]
[WhiteElo "1840"]
[BlackElo "2080"]
[Result "0-1"]
[Round "1"]
1.f4 d5
2.Ng1f3 Ng8f6
3.d3 Bc8g4
4.e3 Nb8c6
5.h3 Bg4h5
6.g4 Nf6xg4
7.hxg4 Bh5xg4
8.Rh1h4 h5
9.Bf1h3 f5
10.Bh3xg4 fxg4
11.Nf3g5 e5
12.Qd1e2 Qd8e7
13.b3 O-O-O
14.Bc1b2 g6
15.Nb1d2 Bf8h6
16.O-O-O Bh6xg5
17.fxg5 Qe7xg5
18.Rd1h1 Rh8f8
19.Bb2c3 d4
20.exd4 exd4
21.Bc3b2 Rd8e8
22.Qe2g2 Qg5xh4
23.Bb2a3 Re8e1
24.Rh1xe1 Qh4xe1
25.Kb2 Rf8e8
26.Nd2e4 a5
27.Ne4f6 Qe1c3
28.Kb1 Re8e1
29.Ba3c1 a4
30.Qg2d5 Kb8
31.Nf6d7 Ka8
32.Nd7c5 a3
33.Nc5a4 Re1xc1
{ resign }
0-1

[Event "Match"]
[Site "www.echecsemail.com"]
[Date "2016.07.26"]
[Round "1"]
[White "Karpov35"]
[Black "Pinehill"]
[WhiteElo "1809"]
[BlackElo "2070"]
[Result "1-0"]
[Round "1"]
1.c4 Ng8f6
2.Nb1c3 e6
3.g3 d5
4.cxd5 exd5
5.d4 c6
6.Bf1g2 Bf8d6
7.Ng1h3 O-O
8.O-O Rf8e8
9.Bc1f4 Bd6xf4
10.Nh3xf4 Bc8f5
11.e3 Nb8d7
12.Ra1c1 Nf6e4
13.Rf1e1 Nd7f6
14.f3 Ne4xc3
15.Rc1xc3 Qd8c7
16.b4 Re8e7
17.b5 Ra8e8
18.bxc6 bxc6
19.Qd1a4 Re8c8
20.Re1c1 Bf5d7
21.Qa4b3 Rc8b8
22.Qb3c2 Rb8c8
23.Kf2 g5
24.Nf4d3 g4
25.Nd3e5 gxf3
26.Ne5xd7 Qc7xd7
27.Bg2xf3 Nf6e4
28.Bf3xe4 Re7xe4
29.Rc3xc6 Qd7f5
30.Kg2 Rc8e8
31.Rc1f1 Qf5g6
32.Rc6xg6 hxg6
33.Qc2c7 Re4e7
34.Qc7f4 f5
35.Rf1f3 Re7e4
36.Qf4d6 { resign }
1-0